Blitz: Name the Harry Potter... Quiz Stats

Quiz Updated Oct 24, 2012

Challenge
Share
Tweet
WARNING: There will be some spoilers if you haven't read all 7 books already.
Score 0/30 Timer 03:00
1 Play Today
Name a Harry Potter ... Example % Correct
House elfDobby...
98%
Weasley siblingGinevra...
96.8%
House at HogwartsGryffindor...
96.4%
Defence against the Dark Arts teacherQuirinus Quirrell...
95.7%
Voldemort's Horcruxes (generic)Diary...
93.2%
Title blank 'Harry Potter and ___'Philosopher's Stone...
93.1%
Ball in QuidditchSnitch...
92%
Dursley family memberVernon...
91.3%
20th century Hogwarts headmasterAlbus Dumbledore...
90.2%
Minister of MagicCornelius Fudge...
88.6%
Malfoy family memberDraco...
87.5%
One of the seven Potter decoysRon Weasley...
82.8%
Named pet of HagridFang...
79.8%
Person who dated GinnyDean Thomas...
77.2%
Nickname on the Marauders' MapPadfoot...
77.1%
Name a Harry Potter ... Example % Correct
Magazine or newspaperThe Quibbler...
75.4%
Middle name of Albus DumbledorePercival...
74.5%
Triwizard ChampionCedric Diggory...
72%
Unforgiveable curseAvada Kedavra...
72%
Hogwarts ghostMoaning Myrtle...
70%
Deathly HallowElder Wand...
68.4%
O.W.L. scoreTroll...
68%
Class required (N.E.W.T) for aurorTransfiguration...
66.3%
Known animagusMinerva McGonagall...
62.9%
OwlPigwidgeon...
62%
Position in QuidditchSeeker...
61.2%
Slughorn potion from first classFelix Felicis...
55.9%
CentaurFirenze...
52.5%
Demonym in a Triwizard dragonHungarian...
46.5%
6-Letter incantationReparo...
43.3%

You're not logged in!

Compare scores with friends on all Sporcle quizzes.
Join for Free
OR
Log In

You Might Also Like...

Show Comments

Extras

Top Quizzes Today


Score Distribution

Your Account Isn't Verified!

In order to create a playlist on Sporcle, you need to verify the email address you used during registration. Go to your Sporcle Settings to finish the process.

Report this User

Report this user for behavior that violates our Community Guidelines.

Details: